| 000 | 00864nam a2200217Ii 4500 | ||
|---|---|---|---|
| 003 | JO-AjNU | ||
| 008 | 230605s9999||||xx |||||||||||||| ||und|| | ||
| 017 | _a2017/240 | ||
| 020 | _a978-84-16982-05-9 | ||
| 040 |
_aJO-AjNU _bara _erda _cJO-AjNU |
||
| 041 | _aara | ||
| 050 | 1 | 4 | _aK230 2016 |
| 100 | 3 |
_a تاليف بشايرة، محمد حسين واخرون؛ تحرير محمد حسين بشايرة, _eauthor _957385 |
|
| 245 | 0 | 0 | _aمشروع تيوننج الشرق الوسط وشمال أفريقيا: نقاط مرجعية لتصميم برامج جامعية في القانون وتنفيذها |
| 264 | 3 | 1 | _aبلباو: جامعة ديوستو، 2016 |
| 300 | _a61ص | ||
| 336 |
_atext _btxt _2rdacontent |
||
| 337 |
_aunmediated _bn _2rdamedia |
||
| 338 |
_avolume _bnc _2rdacarrier |
||
| 650 | 4 |
_aالقانون - دراسة وتعليم _957386 |
|
| 999 |
_aA25710 _c29278 _d29278 |
||